The finite element method: (Record no. 4232)

MARC details
000 -LEADER
fixed length control field 00697nam a22002177a 4500
003 - CONTROL NUMBER IDENTIFIER
control field OSt
005 - DATE AND TIME OF LATEST TRANSACTION
control field 20220107122747.0
008 - FIXED-LENGTH DATA ELEMENTS--GENERAL INFORMATION
fixed length control field 140419b xxu||||| |||| 00| 0 eng d
020 ## - INTERNATIONAL STANDARD BOOK NUMBER
International Standard Book Number 9781591690276
040 ## - CATALOGING SOURCE
Transcribing agency IIITM-K
082 ## - DEWEY DECIMAL CLASSIFICATION NUMBER
Classification number 515.624 PEP/F
100 ## - MAIN ENTRY--PERSONAL NAME
Personal name Pepper, Darrell W
9 (RLIN) 4223
245 ## - TITLE STATEMENT
Title The finite element method:
Statement of responsibility, etc. by Darrell W Pepper; Juan C Heinrich
Remainder of title Basic concepts and applications
260 ## - PUBLICATION, DISTRIBUTION, ETC.
Place of publication, distribution, etc. Boca Raton,
Name of publisher, distributor, etc. CRC Press,
Date of publication, distribution, etc. 2013.
300 ## - PHYSICAL DESCRIPTION
Extent 312p.
440 ## - SERIES STATEMENT/ADDED ENTRY--TITLE
Title Series in computational and physical processes in mechanics and thermal sciences
9 (RLIN) 5396
650 ## - SUBJECT ADDED ENTRY--TOPICAL TERM
Topical term or geographic name entry element MATHEMATICS
9 (RLIN) 4224
650 ## - SUBJECT ADDED ENTRY--TOPICAL TERM
Topical term or geographic name entry element FINITE ELEMENTS
9 (RLIN) 4225
700 ## - ADDED ENTRY--PERSONAL NAME
Personal name Heinrich, Juan C
9 (RLIN) 5397
942 ## - ADDED ENTRY ELEMENTS (KOHA)
Source of classification or shelving scheme Dewey Decimal Classification
Koha item type Books
Holdings
Withdrawn status Lost status Source of classification or shelving scheme Damaged status Not for loan Home library Current library Shelving location Date acquired Cost, normal purchase price Total Checkouts Full call number Barcode Date last seen Price effective from Koha item type
    Dewey Decimal Classification     Kerala University of Digital Sciences, Innovation and Technology Knowledge Centre Kerala University of Digital Sciences, Innovation and Technology Knowledge Centre Mathematics 27/05/2014 338.00   515.624 PEP/F 3898 03/12/2020 27/05/2014 Books